000 00783nam a2200253Ia 4500
003 OSt
005 20220928123947.0
006 a|||||r|||| 00| 0
007 ta
008 220927b |||||||| |||| 00| 0 eng d
020 _c695
024 _a114830
037 _b231, 17/02/2012, Classic Book Service
_cTextual
040 _aSDCL
_cSDCL
_beng
041 _2eng
_aeng
082 _aV21:24'P, P9
100 _aMitchell Lisa
_9462661
245 0 _aLanguage, emotion and politics in South India
_b The making of a mother tongue.
260 _aRanikhet
_bPermanent Black
_c2009
300 _axv,281p
_ccm.
650 _aPolitical Science
942 _hV21:24'P, P9
_cTEXL
_2CC
999 _c775626
_d775626